000 00548nam a2200193Ia 4500
005 20250326123454.0
008 250326s9999 xx 000 0 und d
037 _aTextbook
040 _aFMSL
_beng
_cFMSL
041 _aeng
_2eng
084 _aX:74.1 P6
_qFMSL
100 _aSharan V
245 0 _aInternational business consept environment and strategy
_cSharan Vyauptakesh
250 _a2
260 _aSingapore
_bSingapore, Pearson Education
_c2003
300 _a554p
942 _cTB
_hX:74.1 P6
999 _c1269508
_d1269508